| 000 | 00695nam a22001577a 4500 | ||
|---|---|---|---|
| 003 | OSt | ||
| 005 | 20150921163657.0 | ||
| 008 | 150921b xxu||||| |||| 00| 0 eng d | ||
| 040 | _cRUA | ||
| 082 | _aAGR HEN 2006 B034 Or.1 | ||
| 100 |
_91042 _aHENG, CHANMONICA. |
||
| 245 | _aComparative study of two rice cultivation method in tramkak district, takeo province សិក្សាប្រៀបធៀបវិធីសាស្ត្រពីរយ៉ាង ក្នុងការដាំដុះដំណាំស្រូវ នៅស្រុកត្រាំកក់ ខេត្តតាកែវ | ||
| 260 |
_aPhnom penh _bRUA _c2006 |
||
| 300 |
_a47p. _bill. _c29cm. |
||
| 942 |
_2ddc _cAGR |
||
| 999 |
_c1002 _d1002 |
||